00293nam a2200121Ia 4500008004100000041001200041082001600053100001600069245003800085260003300123300000800156650000700164221030s9999 xx 000 0 und d aEnglish a105.23bDub aG. K. Dubey 0aFundamentals of Electrical Drives bNarosa Pub.aNew Delhic1998 a394 aEE